000 01247nab a22002657a 4500
999 _c5478
_d5478
003 OSt
005 20251123232451.0
008 190603e xxum|||| |||| 00| 0 spa d
040 _cPJ
100 _96058
_aRíos, Juan Pablo
245 1 3 _aEl consentimiento en la declaración judicial de la situación de adoptabilidad /
_cJuan Pablo Ríos, Catriel Josué Nieve Bensabath.
260 _cCiudad Autónoma de Buenos Aires :
_aThomson Reuters La Ley,
_b2025.
300 _ap. 139-148
500 _aCita Online: TR LALEY AR/DOC/22/2025.
505 _aSumario: I. Palabras preliminares.— II. El caso.— III. Los argumentos de la CS.— IV. A modo de conclusión.
505 _tFallo comentado: CS ~ 13/08/2024 ~ P., M. B. s/ medidas precautorias.
505 _t¿Te interesa el texto completo? Solicitalo al correo: koha@justierradelfuego.gov.ar
650 0 _9974
_aADOPCIÓN
650 0 _95585
_aCONSENTIMIENTO
650 0 _94097
_aINTERES SUPERIOR DEL NIÑO
650 0 _91497
_aCODIGO CIVIL Y COMERCIAL
700 _96476
_aNieve Bensabath, Catriel Josué
_ecoautor
773 0 _02713
_93170
_dCiudad Autónoma de Buenos Aires : Thomson Reuters La Ley, 2015-
_tRevista Código Civil y Comercial. Nº 2 - Abril 2025
942 _2udc
_cANA